000 00375nam a2200133Ia 4500
008 220217s9999||||xx |||||||||||||| ||und||
020 _a81-203-1353-4
082 _a00 5.1 COR
100 _aCormen, Thomas H and others
245 0 _aIntroduction to algorithams
260 _aPrentice hall of india
_bNew Delhi
_c2001
300 _b325
650 _aPROGRAMMING LANGUAGE
999 _c166918
_d166918